[Event "IRQ-ch"]
[Site "Baghdad"]
[Date "2018.07.02"]
[Round "8"]
[White "Sajjad, Abbas Khudhair"]
[Black "Esam, Naama Lafta"]
[Result "0-1"]
[WhiteElo "1780"]
[BlackElo "1972"]
[PlyCount "100"]
[EventDate "2018.06.27"]
[EventType "swiss"]
[EventRounds "11"]
[EventCountry "IRQ"]
[SourceTitle "EXT 2019"]
[Source "ChessBase"]
[SourceDate "2018.10.10"]
[SourceVersion "1"]
[SourceVersionDate "2018.10.10"]
[SourceQuality "1"]

1. e4 Nc6 2. Nf3 d6 3. d4 Nf6 4. Nc3 Bg4 5. Be2 e6 6. Bg5 Be7 7. h3 Bh5 8. a3 0-0 9. 0-0 d5 10. exd5 Nxd5 11. Bxe7 Ncxe7 12. Ne5 Bxe2 13. Qxe2 Ng6 14. Nxg6 hxg6 15. Nxd5 exd5 16. Rfe1 Qd7 17. Qd3 Rfe8 18. Kf1 Qd6 19. Kg1 Re6 20. Rxe6 Qxe6 21. Qc3 Re8 22. Qd3 c6 23. Kf1 Qd6 24. Re1 Rxe1+ 25. Kxe1 Qh2 26. Qg3 Qg1+ 27. Ke2 Qc1 28. Qc3 g5 29. Kf3 f5 30. Qe3 Qd1+ 31. Qe2 g4+ 32. hxg4 fxg4+ 33. Ke3 Qc1+ 34. Kd3 Qg5 35. Qe8+ Kh7 36. Qf7 Kh6 37. Qf8 Qg6+ 38. Kd2 Qe4 39. Qd6+ Kh7 40. Qh2+ Kg6 41. Kc3 Qe1+ 42. Kd3 Qxf2 43. Qd6+ Qf6 44. Qd7 Qf1+ 45. Ke3 Qe1+ 46. Kf4 Qf2+ 47. Kxg4 Qxg2+ 48. Kh4 Qg5+ 49. Kh3 Qf5+ 50. Qxf5+ Kxf5 0-1

[Event "IRQ-ch"]
[Site "Baghdad"]
[Date "2018.06.29"]
[Round "3"]
[White "Rawand, Hamid Abdullah"]
[Black "Sajjad, Abbas Khudhair"]
[Result "1-0"]
[WhiteElo "2060"]
[BlackElo "1780"]
[PlyCount "109"]
[EventDate "2018.06.27"]
[EventType "swiss"]
[EventRounds "11"]
[EventCountry "IRQ"]
[SourceTitle "EXT 2019"]
[Source "ChessBase"]
[SourceDate "2018.10.10"]
[SourceVersion "1"]
[SourceVersionDate "2018.10.10"]
[SourceQuality "1"]

1. d4 Nf6 2. Nf3 e6 3. c4 Bb4+ 4. Bd2 Be7 5. Nc3 d5 6. e3 0-0 7. Rc1 Nbd7 8. c5 a5 9. Bd3 c6 10. Qc2 b6 11. cxb6 Nxb6 12. Na4 Nxa4 13. Qxa4 Bd7 14. Qc2 c5 15. dxc5 Rc8 16. b4 axb4 17. Bxb4 Ne4 18. Bxe4 dxe4 19. Qxe4 Bc6 20. Qd4 Bxf3 21. Qxd8 Rfxd8 22. gxf3 Rd5 23. Ke2 h6 24. Rc4 Rh5 25. a3 Rc6 26. f4 Kf8 27. Kf3 Ke8 28. Kg3 Kd7 29. Rd1+ Kc7 30. Rcd4 Bxc5 31. Bxc5 Rcxc5 32. Rd7+ Kc6 33. R1d6+ Kb5 34. Rxf7 g5 35. Rxe6 gxf4+ 36. Rxf4 Rcg5+ 37. Rg4 Rxg4+ 38. Kxg4 Rxh2 39. f4 h5+ 40. Kg3 Ra2 41. Re5+ Kb6 42. Rxh5 Rxa3 43. Kf3 Kc6 44. Re5 Kd6 45. Kg4 Ra8 46. e4 Rg8+ 47. Rg5 Re8 48. Rg6+ Kd7 49. e5 Ra8 50. f5 Ra1 51. Rg7+ Ke8 52. Kg5 Re1 53. Kf6 Kf8 54. Ra7 Ke8 55. e6 1-0